Culture G aléatoire #2 - Statistiques

Statistiques générales
  • Ce quiz a été pris 36 fois
  • Le résultat moyen est 2 sur 11
Statistiques - réponses
Hint Réponse % Correct
Quel est le record du monde sur 100m ? 9.58
61%
Qui est le vainqueur du ballon d'or en 2005 ? Ronaldinho
39%
Quel est l'animal le plus rapide ? Faucon Pèlerin
32%
Quel animal a une masse équivalente à la langue d'une baleine bleue ? Eléphant
21%
Combien de personnes sélectionnées aléatoirement faut-il pour avoir 50% de chance que 2 d'entre-elles partagent le même anniversaire ? 23
14%
Imaginons un tournoi de tennis (phase finale) avec 100 participants, combien y a-t-il de confrontations avant d'obtenir un vainqueur ? 99
11%
Dans quelle ville française la consanguinité est-elle la plus présente ? Clermont-Ferrand
4%
Quelle ville est mondialement connue pour ses quantités immenses de sdf ? Gif-sur-Yvette
4%
Quel est l'animal terrestre le plus rapide ? Killian au lit
4%
Quel est la plus grande société d'élevage de poulets au monde ? La SCEP
4%
Vrai ou faux ? Le brésil est un pays frontalier de la France ? T'es con ou quoi ? t'as cru que j'allais te laisser gagner en marquant vrai ou faux ?
4%
Aucun quiz correspondant
Distribution des résultats
% des personnes avec chaque résultat
Percentile par nombre de réponses
Votre historique - résultats
Vous n’avez pas pris ce quiz